=LDR 00000nam 2200000 4500 =001 INLIS000000000022737 =005 20130612121451 =008 ***********************************Ind** =035 ##$$0010-061300000022737 =041 ##$$a Ind =082 ##$$a 641.3 =090 ##$$a 541.3, Tob s =100 ##$$a Tobing, hayatinufus =245 ##$$a Serba rebus dan kuku dan Camilan tradisional indonesia, Hayatinufus tobing =260 ##$$a 2005 $b Jakarta =300 ##$$a 72 hlm, ilus, 23 cm =650 ##$$a Makanan =850 ##$$a NBPNMAT